The line becomes a river : dispatches from the border (Record no. 1279)

MARC details
000 -LEADER
fixed length control field 01001cam a22003018i 4500
001 - CONTROL NUMBER
control field kttzfxm1hnmdzvcl
003 - CONTROL NUMBER IDENTIFIER
control field LIBRIS
005 - DATE AND TIME OF LATEST TRANSACTION
control field 20220824105301.0
008 - FIXED-LENGTH DATA ELEMENTS--GENERAL INFORMATION
fixed length control field 181003s2018 xx |||||||||||000 0|eng|d
020 ## - INTERNATIONAL STANDARD BOOK NUMBER
International Standard Book Number 9781847924872
Qualifying information inbunden
035 ## - SYSTEM CONTROL NUMBER
System control number (BOKR)9781847924872
040 ## - CATALOGING SOURCE
Original cataloging agency LCC
Description conventions rda
Transcribing agency GSU
Modifying agency GSU
Language of cataloging eng
041 ## - LANGUAGE CODE
Language code of text/sound track or separate title eng
050 ## - LIBRARY OF CONGRESS CALL NUMBER
Classification number JV6565
100 1# - MAIN ENTRY--PERSONAL NAME
Personal name Cantú, Francisco (Essayist).
Relationship aut
Relator term author
245 10 - TITLE STATEMENT
Title The line becomes a river : dispatches from the border
Statement of responsibility, etc. Cantú, Francisco (Essayist).
263 ## - PROJECTED PUBLICATION DATE
Projected publication date 201803
264 #1 - PRODUCTION, PUBLICATION, DISTRIBUTION, MANUFACTURE, AND COPYRIGHT NOTICE
Name of producer, publisher, distributor, manufacturer Vintage Publishing,
Date of production, publication, distribution, manufacture, or copyright notice 2018
300 ## - PHYSICAL DESCRIPTION
Extent 256 pages
Dimensions 14.6 cm
336 ## - CONTENT TYPE
Content type code txt
Source rdacontent
Content type term text
337 ## - MEDIA TYPE
Media type code n
Source rdamedia
Media type term unmediated
338 ## - CARRIER TYPE
Carrier type code nc
Source rdacarrier
Carrier type term volume
340 ## - PHYSICAL MEDIUM
Dimensions 14.6 cm
650 ## - SUBJECT ADDED ENTRY--TOPICAL TERM
Topical term or geographic name entry element the lines become a river
655 #4 - INDEX TERM--GENRE/FORM
Authority record control number or standard number https://id.kb.se/marc/NotFictionNotFurtherSpecified
887 ## - NON-MARC INFORMATION FIELD
Content of non-MARC field {"@id":"kttzfxm1hnmdzvcl","modified":"2018-10-03T09:53:55.122+02:00","checksum":"28450561142"}
Source of data librisxl
942 ## - ADDED ENTRY ELEMENTS (KOHA)
Source of classification or shelving scheme Library of Congress Classification
Koha item type Books
Suppress in OPAC No
Holdings
Withdrawn status Lost status Source of classification or shelving scheme Damaged status Not for loan Collection code Home library Current library Shelving location Date acquired Source of acquisition Inventory number Total Checkouts Full call number Barcode Date last seen Price effective from Koha item type
    Library of Congress Classification     Non-Fiction Novels GSU Library Epoch GSU Library Epoch Non-Fiction Novels 10/10/2020 BAI 00378   NFIC-JV6565CAN 50000003117 24/08/2022 24/08/2022 Books